Textbook of Mental Health & Psychiatric Nursing for B.Sc Students (Record no. 1624)

MARC details
000 -LEADER
Fixed length control field 00540nam a2200193Ia 4500
003 - CONTROL NUMBER IDENTIFIER
Control field IIN
005 - DATE AND TIME OF LATEST TRANSACTION
Control field 20240129164738.0
008 - FIXED-LENGTH DATA ELEMENTS--GENERAL INFORMATION
Fixed length control field 231217s9999 xx 000 0 und d
020 ## - INTERNATIONAL STANDARD BOOK NUMBER / ISBN
Price Rs.750.00
International Standard Book Number 9789389261912
040 ## - CATALOGING SOURCE
Original cataloging agency IIN
Language of cataloging English
082 ## - DEWEY DECIMAL CLASSIFICATION NUMBER
Classification number 616.890231
Book Number PRA
100 1# - MAIN ENTRY--PERSONAL NAME
Personal name Prakash, P.
245 1# - TITLE STATEMENT
Title Textbook of Mental Health & Psychiatric Nursing for B.Sc Students
Statement of responsibility P. Prakash
260 ## - IMPRINT
Name of publisher CBS
Place of publication New Delhi
Date of publication 2022
300 ## - PHYSICAL DESCRIPTION
Page / Vol. No xxiii, 480 p.
650 1# - SUBJECT ADDED ENTRY--TOPICAL TERM
Topical term Mental Health
Form subdivision Nursing
650 1# - SUBJECT ADDED ENTRY--TOPICAL TERM
Topical term Psychiatric Nursing
942 ## - ADDED ENTRY ELEMENTS (KOHA)
Koha item type Books
Holdings
Withdrawn status Lost status Damaged status Not for loan Collection code Home library Current library Date acquired Price Total Checkouts Call number Accession number Date last seen Date checked out Price effective from Koha item type Checked out
          IDEAL INSTITUTE OF NURSING IDEAL INSTITUTE OF NURSING 17/12/2023 750.00 1 616.890231 PRA 1344 14/01/2026 08/01/2026 17/12/2023 Books  
          IDEAL INSTITUTE OF NURSING IDEAL INSTITUTE OF NURSING 17/12/2023 750.00 1 616.890231 PRA 1618 19/12/2025 16/12/2025 17/12/2023 Books  
          IDEAL INSTITUTE OF NURSING IDEAL INSTITUTE OF NURSING 17/12/2023 750.00 4 616.890231 PRA 1619 05/01/2026 05/01/2026 17/12/2023 Books 12/01/2026
© Ideal Institute Of Nursing, All rights reserved.         Powered by Koha